|
|
|
|
| LEADER |
00000nam0a2200000 4500 |
| 001 |
50501 |
| 005 |
20231031033134.0 |
| 035 |
|
|
|a (RuTPU)RU\TPU\book\52881
|
| 090 |
|
|
|a 50501
|
| 100 |
|
|
|a 20030417d1984 km y0rusy50 ca
|
| 101 |
0 |
|
|a rus
|
| 102 |
|
|
|a RU
|
| 105 |
|
|
|a a g 001zy
|
| 200 |
1 |
|
|a Критические параметры делящихся материалов и ядерная безопасность
|e Справочник
|f Л. В. Диев, Б. Г. Рязанов, А. П. Мурашов, В. С. Внуков
|
| 210 |
|
|
|a Москва
|c Энергоатомиздат
|d 1984
|
| 215 |
|
|
|a 175 с.
|c ил.
|
| 300 |
|
|
|a Авт. указаны на обороте тит. листа
|
| 320 |
|
|
|a Библиогр.: с. 170-173
|
| 610 |
1 |
|
|a ядерные реакторы
|
| 610 |
1 |
|
|a критические параметры
|
| 610 |
1 |
|
|a справочники
|
| 610 |
1 |
|
|a ядерная безопасность
|
| 610 |
1 |
|
|a критичность
|
| 610 |
1 |
|
|a контроль
|
| 610 |
1 |
|
|a цепные реакции
|
| 675 |
|
|
|a 621.039.519.4(035)
|v 3
|
| 675 |
|
|
|a 621.039.58(035)
|v 3
|
| 701 |
|
1 |
|a Диев
|b Л. В.
|g Леонард Владимирович
|
| 701 |
|
1 |
|a Рязанов
|b Б. Г.
|g Борис Георгиевич
|
| 701 |
|
1 |
|a Мурашов
|b А. П.
|g Анатолий Павлович
|
| 701 |
|
1 |
|a Внуков
|b В. С.
|
| 801 |
|
1 |
|a RU
|b 63413507
|c 20030417
|g PSBO
|
| 801 |
|
2 |
|a RU
|b 63413507
|c 20201008
|g PSBO
|
| 900 |
|
|
|a Динамика и безопасность ядерно-энергетических установок
|
| 900 |
|
|
|a Основы ядерного нераспространения и безопасного обращения с ядерными материалами
|
| 942 |
|
|
|c BK
|